| 000 | 00564nam a2200193 a 4500 | ||
|---|---|---|---|
| 005 | 20210223125956.0 | ||
| 008 | 060629s2003 mx r 000 0 spa d | ||
| 020 | _a9974771358 | ||
| 035 | _aUPN01000145573 | ||
| 049 | _aI | ||
| 050 | 4 |
_aQM25 _bC8.3 |
|
| 245 | 1 | 3 |
_aEl cuerpo humano : _banatomÃa y funciones / _cdir. Luis Roberto Barone. |
| 260 |
_aMontevideo : _bArquetipo, _c2003. |
||
| 300 |
_a64 p. : _bil. col. |
||
| 500 | _a"Atlas visual" | ||
| 650 | 4 |
_aANATOMIA HUMANA - _vATLAS _9581 |
|
| 700 | 1 |
_aBarone, Luis Roberto, _edir. _938751 |
|
| 905 | _aInfantil | ||
| 999 |
_c117719 _d117719 |
||